Metanoia Faith Covenant (Record no. 3469)

MARC details
000 -LEADER
fixed length control field 00646nam a2200253 a 4500
020 ## - INTERNATIONAL STANDARD BOOK NUMBER
ISBN
082 00 - DEWEY DECIMAL CLASSIFICATION NUMBER
Classification number 230
Author Cutter PAT
100 ## - MAIN ENTRY--AUTHOR NAME
Author name Pathrapankal, J
245 ## - TITLE STATEMENT
Title Metanoia Faith Covenant
Sub title Study of Pauline Theology
260 ## - PUBLICATION, DISTRIBUTION, ETC. (IMPRINT)
Place of publication Bangalore
Name of publisher Dharmaram Publications
Year of publication 1971
300 ## - PHYSICAL DESCRIPTION
Number of Pages 327p
500 ## - GENERAL NOTE
General note includes index and biblioraphy
505 2# - FORMATTED CONTENTS NOTE
Formatted contents note Bibliography, Index
650 ## - SUBJECT ADDED ENTRY--TOPICAL TERM
Topical Term Theology-Paul
650 ## - SUBJECT ADDED ENTRY--TOPICAL TERM
Topical Term Theology-Metanoia
942 ## - ADDED ENTRY ELEMENTS (KOHA)
Koha item type Books
700 1# -
-- Pathrapankal, J
Holdings
Collection code Home library Current library Date acquired Cost, normal purchase price Full call number Accession Number Koha item type
  Henry Martyn Institute Library Henry Martyn Institute Library 06/13/2007 25.00 230 PAT 07467 Books
                   Copyright © 2026 | Henry Martyn Institute | Hyderabad | TS-500052 | INDIA | Implemented by hmi.edu.in
Hit-Count:

Powered by Koha